Il paese che... - Statistics

Statistiche generali
  • Questo quiz è stato fatto 151 volte
  • Il punteggio medio è 7 su 12
Statistiche sulle risposte
Il paese che... Paese % Corretto
inizia con la lettera O Oman
94%
ha inventato la carta Cina
88%
ha tre capitali Sudafrica
88%
ha la città più popolosa Giappone
73%
ha un nome simile a uno degli stati degli Stati Uniti Georgia
69%
si trova in Europa e Africa Spagna
67%
è l'unico che ha una capitale che inizia con la lettera U Mongolia
56%
ha il maggior numero di isole Svezia
43%
non è membro delle Nazioni Unite, ma è un paese ufficiale Città del Vaticano
35%
ha cambiato la sua bandiera il 16 agosto 2021 Afghanistan
33%
è doppiamente senza sbocco sul mare Liechtenstein
23%
non ha bianco, rosso o blu nella sua bandiera Giamaica
17%
Nessun quiz corrispondente trovato
Distribuzione punteggi
Percentuale di utenti per punteggio
Percentile per numero di risposta
I tuoi punteggi nel tempo
Non hai fatto questo quiz